LEADER 02029nam 2200457 450 001 9910149712803321 005 20230422052027.0 010 $a981-279-223-6 035 $a(CKB)2660000000040900 035 $a(MiAaPQ)EBC4731798 035 $a(WSP)00004515 035 $a(EXLCZ)992660000000040900 100 $a20050502h20002000 uy| 0 101 0 $aeng 135 $aurcnu|||||||| 181 $2rdacontent 182 $2rdamedia 183 $2rdacarrier 200 10$aBuilding galaxies $efrom the primordial universe to the present : proceedings of the XIXth Rencontres de Moriond, Les Arcs, France, 13-20 March, 1999 /$fedited by Franc?ois Hammer [and four others] 210 1$aSingapore ;$aRiver Edge, New Jersey :$cWorld Scientific,$d[2000] 210 4$d©2000 215 $a1 online resource (494 pages) $cillustrations 225 0 $aMoriond astrophysics meeting 300 $a"XXXIVth Rencontres de Moriond, XIXth Moriond Astrophysics meeting"--P. v. 300 $a"Moriond Astrophysics Meeting." 311 $a981-02-4411-8 320 $aIncludes bibliographical references. 330 $a"These proceedings provide a summary of the state-of-the-art in the understanding of physical processes which control galaxy formation. Many topics are discussed which present the latest observational results: dust extinction, the role of AGNs in the formation of massive galaxies, etc. How future instruments such as NGST, ALMA, FIRST, KMT and SKAI can help to resolve these questions is also addressed. The book will serve as a useful reference in the field for many years to come."--Publisher's website. 606 $aGalaxies$xEvolution$vCongresses 606 $aGalaxies$xFormation$vCongresses 615 0$aGalaxies$xEvolution 615 0$aGalaxies$xFormation 676 $a523.1/12 702 $aHammer$b Franc?ois 801 0$bMiAaPQ 801 1$bMiAaPQ 801 2$bMiAaPQ 906 $aBOOK 912 $a9910149712803321 996 $aBuilding galaxies$92875354 997 $aUNINA LEADER 01559nam 2200421Ia 450 001 9910695802303321 005 20070628131100.0 035 $a(CKB)5470000002373773 035 $a(OCoLC)146205023 035 $a(EXLCZ)995470000002373773 100 $a20070628d2007 ua 0 101 0 $aeng 135 $aurbn||||||||| 181 $ctxt$2rdacontent 182 $cc$2rdamedia 183 $acr$2rdacarrier 200 00$aGuidance for industry$b[electronic resource] $eclinical data needed to support the licensure of seasonal inactivated influenza vaccines 210 1$a[Washington, D.C.] :$cU.S. Dept. of Health and Human Services, Food and Drug Administration, Center for Biologics Evaluation and Research,$d[2007] 215 $ai, 16 pages $cdigital, PDF file 300 $aTitle from title screen (viewed on June 26, 2007). 300 $a"May 2007." 320 $aIncludes bibliographical references (pages 15-16). 517 $aGuidance for industry 606 $aEpidemics$zUnited States$xPrevention 606 $aInfluenza$zUnited States$xPrevention 606 $aInfluenza$xGovernment policy$zUnited States 606 $aInfluenza vaccines$zUnited States 615 0$aEpidemics$xPrevention. 615 0$aInfluenza$xPrevention. 615 0$aInfluenza$xGovernment policy 615 0$aInfluenza vaccines 712 02$aCenter for Biologics Evaluation and Research (U.S.) 801 0$bGPO 801 1$bGPO 906 $aBOOK 912 $a9910695802303321 996 $aGuidance for industry$93434577 997 $aUNINA LEADER 01485nam0 22003373i 450 001 TO00023674 005 20231121125832.0 010 $a0900587512 100 $a20171016d1987 ||||0itac50 ba 101 | $aeng 102 $agb 181 1$6z01$ai $bxxxe 182 1$6z01$an 200 1 $aGreek bookhands of the early Byzantine period$ea. D. 300-800$fG. Cavallo and H. Maehler 210 $aLondon$cUniversity of London, Institute of classical studies$d1987 215 $aXII, 153 p.$cill.$d28 cm 225 | $aBulletin of the Institute of Classical Studies. Supplement$v47 410 0$1001BVE0106645$12001 $aBulletin of the Institute of Classical Studies. Supplement$v47$171201$aUniversity$c $b : Institute of classical studies$3MILV074476 606 $aManoscritti bizantini$xSec. 4.-8.$2FIR$3BVEC041035$9I 676 $a091.09495$9MANOSCRITTI. Grecia$v21 700 1$aCavallo$b, Guglielmo$3CFIV014954$4070$037688 701 1$aMaehler$b, Herwig$3CFIV074580$4070$0167421 790 1$aMaehler$b, Hervicus$3CFIV074582$zMaehler, Herwig 801 3$aIT$bIT-01$c20171016 850 $aIT-FR0017 899 $aBiblioteca umanistica Giorgio Aprea$bFR0017 $eN 912 $aTO00023674 950 0$aBiblioteca umanistica Giorgio Aprea$d 52SALA BRAGAS.S.L. 293.47$e 52ATE0000008115 VMN RS $fA $h20140528$i20140528 977 $a 36$a 52 996 $aGreek bookhands of the early Byzantine period$93637402 997 $aUNICAS LEADER 00790nam a2200193 i 4500 001 991004266836807536 005 20230310140057.0 008 011002s1977 it e 000 0 ita c 040 $aBibl. Dip.le Aggr. Scienze Economia - Sez. Settore Economico 082 0 $a658.1522 100 1 $aNanula, Gaetano$0110435 245 03$aLa rivalutazione monetaria dei cespiti patrimoniali delle imprese :$baspetti civili, fiscali, contabili ed economico-finanziari /$cGaetano Nanula. 260 $aMilano :$bGiuffrè,$c1977. 300 $aVII, [1], 477 p.$btab.$c25 cm 490 0 $aL'ordinamento tributario italiano 650 7$aImprese$xCapitale$xRivalutazione monetaria 912 $a991004266836807536 996 $aRivalutazione monetaria dei cespiti patrimoniali delle imprese$946249 997 $aUNISALENTO